| 000 | 00652nam a22002297a 4500 | ||
|---|---|---|---|
| 005 | 20170124110110.0 | ||
| 010 | _aA-947585 | ||
| 020 |
_c00.00 _a8125015469 |
||
| 035 | _aA-947585 | ||
| 037 | _bCen Lib/Ret | ||
| 040 |
_aDPL _bEN |
||
| 082 |
_a920 _bRAJ |
||
| 100 |
_aRajeshwar, Dayal _928932 |
||
| 245 |
_aA Life of Our Tmes/ _cby Rajeshwar, Dayal |
||
| 260 |
_aNew Delhi _bOrient Longman _c1998 |
||
| 270 |
_bNew Delhi _a1/24 Asif Ali Road _e110002 |
||
| 300 |
_a637p.: _c22cm(Hb) _bill. |
||
| 500 | _aIncludes Index | ||
| 650 |
_aDiplomats' spouses _941653 |
||
| 650 |
_aWomen diplomats _941654 |
||
| 942 |
_2ddc _cEN _h920 _mRAJ |
||
| 999 |
_c130333 _d130333 |
||